| 000 | 01075nam a22003257a 4500 | ||
|---|---|---|---|
| 003 | CHAP | ||
| 005 | 20220329133821.0 | ||
| 008 | 971013s1985 r 00010 d | ||
| 010 | _a11320 | ||
| 011 | _a12292 | ||
| 035 | _a14904 | ||
| 040 | _cCHAP | ||
| 082 |
_a633.1 _bB68 |
||
| 100 | 0 | 0 |
_aBoumans, G. _914765 |
| 245 | _aGrain handling and storage | ||
| 260 |
_aAmsterdam : _bElsevier, _c1985 |
||
| 300 | _a436 p. | ||
| 490 |
_aDevelopments in Agricultural Engineering _v; 4 |
||
| 590 |
_aBATCH-UPD _b10 _c20130110 _lUCH01 _h1204 |
||
| 590 |
_aBATCH-UPD _b10 _c20130410 _lUCH01 _h0746 |
||
| 590 |
_aBATCH-UPD _b10 _c20130914 _lUCH01 _h0754 |
||
| 590 |
_aCONVERSION _b10 _c20130109 _lUCH01 _h1307 |
||
| 650 | 1 | 4 |
_aCereales _xAlmacenamiento. _921373 |
| 650 | 1 | 4 |
_aProductos agrÃcolas _xAlmacenamiento. _991897 |
| 830 | 0 |
_aDevelopments in Agricultural Engineering _v; 4 _932271 |
|
| 901 | _aBK | ||
| 942 | _cLIBRO | ||
| 949 |
_a633.1 B68 _bBC _cLIBRO _d33724000660098 _eLIBRO _gI. 136143 _h70759 _i14904 _si _t95.80 |
||
| 949 |
_a633.104 B6 _bMA _cLIBRO _d-27087 _eLIBRO _f983-87 _i14904 _si |
||
| 999 |
_c11320 _d11320 |
||